1722 1825 1646 1516 1611 1641 1301 1797 1474 1931 1625 1281 1731 1463 1424 1089 1978 1523 1966 1090 1742 1425 1364 1873 1524 1603 1636 1468 1615 1172 1150 1184 1176 1752 1745 1718 1574 1530 1363 1777 1204 1036 1264 1207 1436 1918 1642 1714 1809 1960 1308 1040 1819 1820 1973 1069 1977 1018 1610 1119 1605 1632 1139 1064 1812 1502 1701 1000 1113 1702 1417 1263 1878 1634 1507 1534 1791 1359 1511 1878 1448 1442 1924 1668 1263 1123 1141 1073 1669 1507 1460 1288 1206 1180 1071 1040 1439 1668 1926 BCNSPRNW ULIB Ver.6.0+V

เปลี่ยนเป็นภาษาไทย

Change to English
 แสดงรายละเอียดบรรณานุกรม
  กลับหน้าหลัก

Brief Record : Get Marc (ISO 2709) : E-mail record : QR code < ปิดหน้าต่าง
LEADER : 00000nam 2200000uu 4500
001    13399114291
003     ULIB
008    110606s||||||||th 000 0 tha d
020    9786167291116
060 04 WS105^bว413ฉ
100 0  วัณเพ็ญ บุญประกอบ
245 10 ฉลาดรู้อารมณ์จิตใจลูกรัก /^cวัณเพ็ญ บุญประกอบ
250    พิมพ์ครั้งที่ 1
260    กรุงเทพฯ :^bรักลูกBooks,^c2554
300    147 หน้า
650  7 เลี้ยงลูก
650  7 อารมณ์และจิตใจเด็ก
710 2  รักลูกBooks
945    ^p165^l0^i031348
945    ^p165^l0^i031349
995    ทศพร
999    ^aใช้งานได้ทุกระบบ
รายการนี้ยังไม่มีแท็ก
คุณยังไม่ได้ล็อกอิน คุณสามารถมีกิจกรรมร่วมกับเว็บไซต์ได้ แต่ต้องล็อกอินก่อน ::
  ล็อกอิน

รายการสื่อสารสนเทศ

ลำดับที่ ประเภท เลขเรียก/บาร์โค้ด สถานที่ สถานะ
1. วิทยาศาสตร์การแพทย์ และสุขภาพ
หนังสือสำรอง
สถานะ=หนังสือสำรอง
WS105 ว413ฉ ฉ.1 
  Barcode: 031348
ห้องสมุดวิทยาเขตสวรรค์ประชารักษ์
►ส่วนจัดเก็บหนังสือเก่า สปร
บนชั้น
  ขอยืม
2. วิทยาศาสตร์การแพทย์ และสุขภาพ
วิทยาศาสตร์การแพทย์ และสุขภาพ
WS105 ว413ฉ ฉ.2 
  Barcode: 031349
ห้องสมุดวิทยาเขตสวรรค์ประชารักษ์
►ส่วนจัดเก็บหนังสือเก่า สปร
บนชั้น
  ขอยืม

รายการใกล้เคียง
    ผู้แต่ง [วัณเพ็ญ บุญประกอบ]

    หัวเรื่อง [เลี้ยงลูก]
    หัวเรื่อง [อารมณ์และจิตใจเด็ก]

BibComment


ยังไม่เคยถูกคอมเมนท์

คอมเมนท์ทรัพยากรรายการนี้
  คอมเมนท์: ฉลาดรู้อารมณ์จิตใ..


 Copyright 2026. Bcnsprnw @Library